Language in society : (Record no. 7372)

MARC details
000 -LEADER
fixed length control field 00820nac a22002171u 4500
010 ## - LIBRARY OF CONGRESS CONTROL NUMBER
LC control number 93006055
020 ## - INTERNATIONAL STANDARD BOOK NUMBER
International Standard Book Number 0198751346 (pbk.) :
020 ## - INTERNATIONAL STANDARD BOOK NUMBER
International Standard Book Number 0198751338 (cloth) :
082 00 - DEWEY DECIMAL CLASSIFICATION NUMBER
Classification number 306.44
Item number ROM
090 ## - LOCALLY ASSIGNED LC-TYPE CALL NUMBER (OCLC); LOCAL CALL NUMBER (OCLC)
-- 7372
-- 7372
100 ## - MAIN ENTRY--PERSONAL NAME
Personal name Romaine, Suzanne,
245 10 - TITLE STATEMENT
Title Language in society :
Remainder of title an introduction to sociolinguistics /
Statement of responsibility, etc Suzanne Romaine.
260 ## - PUBLICATION, DISTRIBUTION, ETC. (IMPRINT)
Place of publication, distribution, etc Oxford ;
-- New York :
Name of publisher, distributor, etc Oxford University Press,c.1994.
Date of publication, distribution, etc c.1994.
300 ## - PHYSICAL DESCRIPTION
Extent xii, 235 p. :
Other physical details ill., maps ;
Dimensions 21 cm.
500 ## - GENERAL NOTE
General note Distributer: Al-Ahram.
504 ## - BIBLIOGRAPHY, ETC. NOTE
Bibliography, etc Includes bibliographical references and index.
511 ## - PARTICIPANT OR PERFORMER NOTE
Participant or performer note Catalogued By: Mahitab.
650 #0 - SUBJECT ADDED ENTRY--TOPICAL TERM
Topical term or geographic name as entry element Sociolinguistics.
856 42 - ELECTRONIC LOCATION AND ACCESS
Materials specified Publisher description
Uniform Resource Identifier <a href="http://www.loc.gov/catdir/enhancements/fy0639/93006055-d.html">http://www.loc.gov/catdir/enhancements/fy0639/93006055-d.html</a>
942 ## - ADDED ENTRY ELEMENTS (KOHA)
Item type Book - Borrowing
Call number prefix 306.44ROM
Holdings
Withdrawn status Item status Damaged status Not for loan Home library Current library Shelving location Date acquired Source of acquisition Total Checkouts Total Renewals Full call number Barcode Date last seen Date last borrowed Koha item type
        Central Library Central Library First floor 23/01/2008 Purchase 1 12 306.44ROM 000008710 15/07/2025 23/10/2016 Book - Borrowing